000 00573nam a2200193 i 4500
001 101640
003 ES-MaACL
005 20230906182940.0
007 t|
008 051021s1959 sp ||||1| spa d
100 1 _aMedrano Balda, Domingo.
_979775
245 1 0 _aSu excelencia el Presidente /
_cDomingo Medrano Balda.
260 _aBarcelona :
_bPentágono,
_c1959.
300 _a286 p. ;
_c17 cm.
490 1 _aEl tiempo vale más que el oro
830 0 _aEl tiempo vale más que el oro
_9232495
852 _aES-MaACL
_jC-17103
_bR.44918
999 _c101640
_d101640